Anerkannte Sprachen der Staaten Europas - Statistiken

Allgemein
  • Dieses Quiz wurde 713 mal gespielt
    698 seit der letzten Aktualisierung
  • Das Durchschnittsergebnis liegt bei 34 aus 90
Antwortstatistiken
Sprecher Sprache % Korrekt
~70.500.000 Englisch
99%
~96.400.000 Deutsch
98%
~125.000.000 Russisch
98%
~69.800.000 Französisch
97%
~36.200.000 Spanisch
97%
~59.000.000 Italienisch
95%
~46.000.000 Polnisch
93%
~10.400.000 Schwedisch
92%
~4.200.000 Norwegisch
89%
~5.000.000 Finnisch
88%
~13.100.000 Griechisch
86%
~5.200.000 Kroatisch
86%
~23.100.000 Niederländisch
86%
~12.000.000 Serbisch
86%
~32.000.000 Ukrainisch
86%
~11.200.000 Portugiesisch
85%
~5.250.000 Dänisch
84%
~28.200.000 Rumänisch
84%
~11.600.000 Tschechisch
84%
~5.600.000 Bulgarisch
82%
~11.000.000 Türkisch
82%
~5.200.000 Albanisch
81%
~2.200.000 Slowenisch
81%
~10.000.000 Ungarisch
80%
~5.100.000 Slowakisch
79%
~1.700.000 Lettisch
78%
~2.100.000 Bosnisch
75%
~85.000 Irisch
73%
~300.000 Isländisch
73%
~3.200.000 Litauisch
71%
~2.000.000 Mazedonisch
61%
~1.100.000 Estnisch
59%
~4.800.000 Belarussisch
58%
~400.000 Luxemburgisch
54%
~50.000 Schottisch-Gälisch
52%
~750.000 Walisisch
46%
~9.100.000 Katalanisch
45%
~500.000 Maltesisch
45%
~4.600.000 Romani
45%
~800.000 Baskisch
29%
~200.000 Montenegrinisch
27%
~4.200.000 Niederdeutsch
27%
~25.000 Sorbisch
27%
~50.000 Rätoromanisch
24%
~400.000 Friesisch
23%
~3.400.000 Galicisch
23%
~4.500.000 Sizilianisch
22%
~1.100.000 Armenisch
19%
~180.000 Korsisch
18%
~24.000 Samisch
16%
~150.000 Bretonisch
14%
~1.150.000 Sardisch
14%
~5.000.000 Venetisch
14%
~25.000 Ladinisch
10%
~5.180.000 Tatarisch
10%
~70.000 Jiddisch
9%
~1.500.000 Okzitanisch
9%
~100.000 Kaschubisch
7%
~10.000 Aragonesisch
6%
~50.000 Burgenlandkroatisch
6%
~30.000 Karelisch
6%
~550.000 Friaulisch
5%
~100.000 Asturisch
4%
~450.000 Ligurisch
4%
~400.000 Mari
4%
~1.500.000 Scots
4%
~200.000 Komi
3%
~350.000 Krimtatarisch
3%
~1.300.000 Limburgisch
3%
~1.500.000 Tschuwaschisch
3%
~460.000 Udmurtisch
3%
~350.000 Aromunisch
2%
~140.000 Frankoprovenzalisch
2%
~20.000 Judenspanisch
2%
~30.000 Leonesisch
2%
~750.000 Mordwinisch
2%
~60.000 Caló
1%
~125.000 Gaugasisch
1%
~8.000 Goranski
1%
~5.000 Gotländisch
1%
~1.000 Istriotisch
1%
~50.000 Jämtländisch
1%
~10.000 Jenisch
1%
~6.000 Meglenorumänisch
1%
~15.000 Mirandés
1%
~80.000 Shelta
1%
~30.000 Ulster Scots
1%
~60.000 Võro
1%
~1.500 Wepsisch
1%
~40.000 Meänkieli
0%
Keine übereinstimmenden Quizze gefunden
Verteilung der Resultate
Anzahl Personen mit jedem Resultat
Perzentil nach korrekt beantworteten Fragen
Ihre Resultats-Entwicklung
Sie haben dieses Quiz seit der letzten Aktualisierung nicht gespielt